000 01292nam a2200253 a 4500
001 000015417
005 20250221073754.0
008 100208s2012 dr abd 000 0 spa d
040 _aDO-SdBNP
_bspa
_cBNPHU
082 _a304.6097293
_bR426n
110 1 _aRepública Dominicana.
_bOficina Nacional de Estadística
_95775
245 1 0 _aIX Censo nacional de población y vivienda 2010.
246 0 3 _aNoveno censo nacional de población y viviencia
246 0 3 _aCenso nacional de población y vivienda
260 _aSanto Domingo :
_bONE,
_c2012.
300 _a7v. :
_bil., map.,diagrs. ;
_c28 cm.
505 0 _gv. 1:
_tInforme general --
_gv. 2:
_tCaracterísticas de la vivienda y del hogar --
_gv. 3:
_tCaracterísticas demográficas básicas --
_gv. 4:
_tCaracterísticas educativas--
_gv. 5:
_tCaracterísticas económicas --
_gv. 6:
_tMigración, fecundidad y mortalidad.
_gv. 7:
_tCaracterísticas del entorno de la vivienda y el hogar
590 _aInventariado, 2018/BT
650 4 _aViviendas
_zRepública Dominicana
_xEstadísticas
_934809
651 4 _aRepública Dominicana
_xPoblación
_xEstadísticas
_92321
651 4 _aRepública Dominicana
_xCenso, 2010
_934810
710 1 _aRepública Dominicana.
_bOficina Nacional de Estadística
_95775
910 _aValidado. Control de calidad. MFF
999 _c14976
_d14976